[Event "WLS-chT 1718"]
[Site "Wales"]
[Date "2017.11.05"]
[Round "2.17"]
[White "Adams, Mark"]
[Black "Thomas, Ben"]
[Result "1/2-1/2"]
[WhiteElo "1925"]
[BlackElo "1936"]
[PlyCount "56"]
[EventDate "2017.10.22"]
[EventType "team-tourn"]
[EventRounds "5"]
[EventCountry "WLS"]
[SourceTitle "EXT 2020"]
[Source "ChessBase"]
[SourceDate "2019.10.17"]
[SourceVersion "1"]
[SourceVersionDate "2019.10.17"]
[SourceQuality "1"]
[WhiteTeam "Abergavenny"]
[BlackTeam "The Vale"]
[WhiteTeamCountry "WLS"]
[BlackTeamCountry "WLS"]

1. e4 e5 2. Nf3 Nc6 3. Bb5 d6 4. 0-0 Nf6 5. d3 Be7 6. c3 0-0 7. Re1 Bg4 8. h3 Bh5 9. Nbd2 Nd7 10. Nf1 a6 11. Ba4 Nb6 12. Bb3 Na5 13. Bc2 Nc6 14. Ng3 Bg6 15. Be3 Bh4 16. Nxh4 Qxh4 17. Qg4 Qxg4 18. hxg4 Nd7 19. Nf5 Rfe8 20. Nh4 Rad8 21. Nxg6 hxg6 22. f3 Nf6 23. g3 d5 24. Rad1 d4 25. Bf2 Nh7 26. Kg2 Ng5 27. f4 Ne6 28. f5 Ng5 1/2-1/2

[Event "WLS-chT 1718"]
[Site "Wales"]
[Date "2017.10.22"]
[Round "1.5"]
[White "Thomas, Ben"]
[Black "Sivarajasingam, Shayanna"]
[Result "1-0"]
[WhiteElo "1928"]
[BlackElo "1696"]
[PlyCount "81"]
[EventDate "2017.10.22"]
[EventType "team-tourn"]
[EventRounds "5"]
[EventCountry "WLS"]
[SourceTitle "EXT 2020"]
[Source "ChessBase"]
[SourceDate "2019.10.17"]
[SourceVersion "1"]
[SourceVersionDate "2019.10.17"]
[SourceQuality "1"]
[WhiteTeam "The Vale"]
[BlackTeam "Cardiff"]
[WhiteTeamCountry "WLS"]
[BlackTeamCountry "WLS"]

1. e4 e6 2. d4 d5 3. exd5 exd5 4. Nf3 Bd6 5. Be2 Nc6 6. 0-0 Bg4 7. Re1 Nge7 8. Nc3 a6 9. Nxd5 Bxh2+ 10. Nxh2 Bxe2 11. Nxe7 Nxd4 12. Qd2 Kxe7 13. c3 Kf8 14. Qxd4 Qxd4 15. cxd4 Bc4 16. Bf4 Rd8 17. Nf3 c6 18. b3 Bd5 19. Nh4 f6 20. Nf5 g5 21. Bd6+ Kf7 22. Re7+ Kg6 23. g4 Bf7 24. Rae1 Rde8 25. Bb4 Rxe7 26. Rxe7 h5 27. f3 h4 28. Rxb7 Re8 29. Rxf7 Kxf7 30. Nd6+ Kf8 31. Nxe8+ Kxe8 32. Kf2 Kd7 33. Ba5 Kc8 34. f4 Kd7 35. fxg5 fxg5 36. Bd2 Ke6 37. Bxg5 Kd5 38. Bxh4 Kxd4 39. Bf6+ Kd5 40. Ke3 Ke6 41. g5 1-0

[Event "Glorney Cup"]
[Site "Cardiff"]
[Date "2017.07.26"]
[Round "5.6"]
[White "Kieffer, Anatole"]
[Black "Thomas, Ben"]
[Result "1/2-1/2"]
[WhiteElo "2199"]
[BlackElo "1963"]
[PlyCount "62"]
[EventDate "2017.07.24"]
[EventType "team-tourn"]
[EventRounds "5"]
[EventCountry "WLS"]
[SourceTitle "CBM 179 Extra"]
[Source "ChessBase"]
[SourceDate "2017.08.23"]
[SourceVersion "1"]
[SourceVersionDate "2017.08.23"]
[SourceQuality "1"]
[WhiteTeam "France"]
[BlackTeam "Wales"]
[WhiteTeamCountry "FRA"]
[BlackTeamCountry "WLS"]

1. e4 e5 2. Nf3 Nc6 3. Bc4 Nf6 4. d3 Be7 5. 0-0 0-0 6. c3 d6 7. Nbd2 a6 8. Bb3 Qe8 9. Re1 Kh8 10. Nf1 Na5 11. Bc2 Be6 12. Ng3 Nd7 13. d4 Bg4 14. h3 Bxf3 15. Qxf3 Bf6 16. Nh5 Nc6 17. Nxf6 Nxf6 18. Be3 Qd7 19. Rad1 Rae8 20. Bg5 Ng8 21. Qg3 h6 22. Bc1 Re6 23. f4 exd4 24. cxd4 d5 25. e5 f5 26. Qc3 Nge7 27. b4 Na7 28. a4 b5 29. a5 Rc6 30. Qb2 Qe6 31. Be3 Qf7 1/2-1/2

[Event "Glorney Cup"]
[Site "Cardiff"]
[Date "2017.07.25"]
[Round "4.1"]
[White "Thomas, Ben"]
[Black "Gallagher, Daniel GH"]
[Result "0-1"]
[WhiteElo "1963"]
[BlackElo "2147"]
[PlyCount "52"]
[EventDate "2017.07.24"]
[EventType "team-tourn"]
[EventRounds "5"]
[EventCountry "WLS"]
[SourceTitle "CBM 179 Extra"]
[Source "ChessBase"]
[SourceDate "2017.08.23"]
[SourceVersion "1"]
[SourceVersionDate "2017.08.23"]
[SourceQuality "1"]
[WhiteTeam "Wales"]
[BlackTeam "England"]
[WhiteTeamCountry "WLS"]
[BlackTeamCountry "ENG"]

1. e4 Nc6 2. b3 e5 3. Bb2 Nf6 4. Bb5 Nxe4 5. Qe2 Nf6 6. Bxc6 dxc6 7. Bxe5 Be6 8. Nf3 Qd7 9. 0-0 0-0-0 10. Bb2 Bd6 11. d3 Nd5 12. Nbd2 Kb8 13. Ne4 Nf4 14. Qd2 Bh3 15. Ne1 Rhe8 16. f3 Bf5 17. Bxg7 Bxe4 18. fxe4 Qg4 19. Bh6 Ne2+ 20. Kf2 Rxe4 21. dxe4 Bc5+ 22. Qe3 Bxe3+ 23. Bxe3 Nc3 24. Kg1 Qxe4 25. Bg5 Rg8 26. Rxf7 Qg6 0-1

[Event "Glorney Cup"]
[Site "Cardiff"]
[Date "2017.07.25"]
[Round "3.1"]
[White "Thomas, Ben"]
[Black "Mulligan, Scott"]
[Result "1/2-1/2"]
[WhiteElo "1963"]
[BlackElo "1986"]
[PlyCount "65"]
[EventDate "2017.07.24"]
[EventType "team-tourn"]
[EventRounds "5"]
[EventCountry "WLS"]
[SourceTitle "CBM 179 Extra"]
[Source "ChessBase"]
[SourceDate "2017.08.23"]
[SourceVersion "1"]
[SourceVersionDate "2017.08.23"]
[SourceQuality "1"]
[WhiteTeam "Wales"]
[BlackTeam "Ireland"]
[WhiteTeamCountry "WLS"]
[BlackTeamCountry "IRL"]

1. e4 e6 2. d4 d5 3. Nd2 Nf6 4. e5 Nfd7 5. Bd3 c5 6. c3 Nc6 7. Ngf3 g6 8. 0-0 Bg7 9. Re1 0-0 10. Nf1 Qb6 11. Bc2 f6 12. exf6 Nxf6 13. dxc5 Qxc5 14. Be3 Qe7 15. Bg5 Qc7 16. Qd2 Ng4 17. Ne3 Nce5 18. Nxg4 Nxg4 19. h3 Ne5 20. Nxe5 Bxe5 21. Qe3 Bh2+ 22. Kh1 Bf4 23. Bxf4 Rxf4 24. Qg3 Qf7 25. Kg1 Bd7 26. Re5 Rf8 27. f3 b5 28. Rae1 b4 29. cxb4 Rxb4 30. Rg5 Kg7 31. b3 Rc8 32. Bb1 Qf4 33. Qxf4 1/2-1/2

[Event "Glorney Cup"]
[Site "Cardiff"]
[Date "2017.07.24"]
[Round "2.11"]
[White "O'Gorman, Alice"]
[Black "Thomas, Ben"]
[Result "1-0"]
[WhiteElo "1950"]
[BlackElo "1963"]
[PlyCount "100"]
[EventDate "2017.07.24"]
[EventType "team-tourn"]
[EventRounds "5"]
[EventCountry "WLS"]
[SourceTitle "CBM 179 Extra"]
[Source "ChessBase"]
[SourceDate "2017.08.23"]
[SourceVersion "1"]
[SourceVersionDate "2017.08.23"]
[SourceQuality "1"]
[WhiteTeam "Ireland II"]
[BlackTeam "Wales"]
[WhiteTeamCountry "IRL"]
[BlackTeamCountry "WLS"]

1. e4 e5 2. Nf3 Nc6 3. Bc4 Nf6 4. d3 Be7 5. 0-0 0-0 6. c3 d6 7. Nbd2 Bg4 8. Bb3 Qd7 9. Re1 Rae8 10. Nf1 Kh8 11. h3 Bh5 12. Ng3 Bg6 13. Nh4 Na5 14. Bc2 Ng8 15. Nhf5 Qd8 16. d4 Bh4 17. Qg4 Bxg3 18. Nxg3 exd4 19. cxd4 f5 20. Qg5 Qxg5 21. Bxg5 f4 22. Nf1 h6 23. Bh4 Nc6 24. Rad1 Bf7 25. f3 Bxa2 26. Ba4 Rb8 27. Ra1 Nb4 28. Rec1 Rf7 29. d5 b5 30. Bd1 Nd3 31. Rc2 Bb3 32. Rc3 Bxd1 33. Rxd3 Be2 34. Rda3 Ne7 35. Rxa7 Ng6 36. Be1 Ne5 37. b3 Rc8 38. Bc3 Bxf1 39. Kxf1 c5 40. Bxe5 Rxa7 41. Rxa7 dxe5 42. Re7 c4 43. bxc4 Rxc4 44. Rxe5 b4 45. d6 Rc1+ 46. Ke2 b3 47. d7 b2 48. d8Q+ Kh7 49. Rb5 b1Q 50. Rxb1 Rxb1 1-0

[Event "Glorney Cup"]
[Site "Cardiff"]
[Date "2017.07.24"]
[Round "1.11"]
[White "Thomas, Ben"]
[Black "Shafi, Declan"]
[Result "0-1"]
[WhiteElo "1963"]
[BlackElo "2013"]
[PlyCount "34"]
[EventDate "2017.07.24"]
[EventType "team-tourn"]
[EventRounds "5"]
[EventCountry "WLS"]
[SourceTitle "CBM 179 Extra"]
[Source "ChessBase"]
[SourceDate "2017.08.23"]
[SourceVersion "1"]
[SourceVersionDate "2017.08.23"]
[SourceQuality "1"]
[WhiteTeam "Wales"]
[BlackTeam "Scotland"]
[WhiteTeamCountry "WLS"]
[BlackTeamCountry "SCO"]

1. e4 e5 2. Nf3 Nc6 3. d4 exd4 4. Nxd4 Nf6 5. Nxc6 bxc6 6. Bd3 d5 7. e5 Ng4 8. 0-0 Bc5 9. Bf4 g5 10. Bd2 Nxe5 11. Re1 Qe7 12. Qh5 h6 13. Bxg5 Nf3+ 14. Qxf3 Qxe1+ 15. Bf1 hxg5 16. Qf6 Rh6 17. Nc3 Rxf6 0-1

[Event "WLS-ch 63rd"]
[Site "Cardiff"]
[Date "2017.04.17"]
[Round "6"]
[White "Thomas, Ben"]
[Black "Ehsandar, Peter"]
[Result "0-1"]
[WhiteElo "1936"]
[BlackElo "1933"]
[PlyCount "80"]
[EventDate "2017.04.14"]
[EventType "swiss"]
[EventRounds "7"]
[EventCountry "WLS"]
[SourceTitle "CBM 177 Extra"]
[Source "ChessBase"]
[SourceDate "2017.04.27"]
[SourceVersion "1"]
[SourceVersionDate "2017.04.27"]
[SourceQuality "1"]

1. e4 c5 2. c3 d5 3. exd5 Qxd5 4. d4 Nc6 5. Be3 Nf6 6. Na3 cxd4 7. Nb5 Qd8 8. Nxd4 Nxd4 9. Bxd4 a6 10. Bxf6 Qxd1+ 11. Rxd1 exf6 12. Be2 Be7 13. Nf3 0-0 14. Nd4 Bc5 15. 0-0 a5 16. Rd2 g6 17. Rfd1 Kg7 18. h3 Rh8 19. Bc4 Rf8 20. Kh2 Bd6+ 21. g3 Bc5 22. f3 h5 23. Nb5 b6 24. Bd5 Rb8 25. Nd4 Ba6 26. Re1 Rbd8 27. Nc6 Rde8 28. Re4 f5 29. Re5 h4 30. f4 hxg3+ 31. Kxg3 Be3 32. Rd1 f6 33. Re7+ Rxe7 34. Nxe7 Re8 35. Nc6 g5 36. fxg5 fxg5 37. Nd4 f4+ 38. Kg4 Bc8+ 39. Kf3 Bxh3 40. Re1 g4+ 0-1

[Event "WLS-ch 63rd"]
[Site "Cardiff"]
[Date "2017.04.16"]
[Round "5"]
[White "Turner, Joseph David"]
[Black "Thomas, Ben"]
[Result "1-0"]
[WhiteElo "1933"]
[BlackElo "1936"]
[PlyCount "55"]
[EventDate "2017.04.14"]
[EventType "swiss"]
[EventRounds "7"]
[EventCountry "WLS"]
[SourceTitle "CBM 177 Extra"]
[Source "ChessBase"]
[SourceDate "2017.04.27"]
[SourceVersion "1"]
[SourceVersionDate "2017.04.27"]
[SourceQuality "1"]

1. e4 b6 2. d4 Bb7 3. Bd3 Nf6 4. f3 e6 5. Be3 c5 6. c3 Nc6 7. Ne2 Qc8 8. Nd2 Be7 9. 0-0 Ba6 10. Bxa6 Qxa6 11. a3 0-0 12. g4 cxd4 13. cxd4 Qd3 14. Bf2 e5 15. d5 Na5 16. Nc1 Qa6 17. b4 Nc4 18. Nxc4 Qxc4 19. d6 Bd8 20. Nd3 Qe6 21. Bg3 Ne8 22. Nxe5 f6 23. Nd3 Nxd6 24. Nf4 Qf7 25. Qxd6 Rc8 26. Rfc1 Rxc1+ 27. Rxc1 Qb3 28. Qd5+ 1-0

[Event "WLS-ch 63rd"]
[Site "Cardiff"]
[Date "2017.04.15"]
[Round "3"]
[White "Heaven, Peter"]
[Black "Thomas, Ben"]
[Result "1/2-1/2"]
[WhiteElo "2022"]
[BlackElo "1936"]
[PlyCount "31"]
[EventDate "2017.04.14"]
[EventType "swiss"]
[EventRounds "7"]
[EventCountry "WLS"]
[SourceTitle "CBM 177 Extra"]
[Source "ChessBase"]
[SourceDate "2017.04.27"]
[SourceVersion "1"]
[SourceVersionDate "2017.04.27"]
[SourceQuality "1"]

1. e4 c5 2. Nf3 d6 3. d4 cxd4 4. Nxd4 a6 5. Nc3 Nf6 6. Bg5 Nbd7 7. Bc4 g6 8. 0-0 Bg7 9. Re1 0-0 10. Qd2 Ne5 11. Bb3 Bd7 12. f4 Nc6 13. Nxc6 bxc6 14. h3 Qb6+ 15. Qf2 Qxf2+ 16. Kxf2 1/2-1/2

[Event "WLS-ch 63rd"]
[Site "Cardiff"]
[Date "2017.04.15"]
[Round "4"]
[White "Thomas, Ben"]
[Black "Pleasants, Allan J"]
[Result "1/2-1/2"]
[WhiteElo "1936"]
[BlackElo "1982"]
[PlyCount "85"]
[EventDate "2017.04.14"]
[EventType "swiss"]
[EventRounds "7"]
[EventCountry "WLS"]
[SourceTitle "CBM 177 Extra"]
[Source "ChessBase"]
[SourceDate "2017.04.27"]
[SourceVersion "1"]
[SourceVersionDate "2017.04.27"]
[SourceQuality "1"]

1. e4 g6 2. Nf3 Bg7 3. Bc4 e6 4. 0-0 Ne7 5. Nc3 d5 6. exd5 exd5 7. Bb3 0-0 8. d3 h6 9. Re1 c6 10. Bf4 Bg4 11. h3 Bxf3 12. Qxf3 Nf5 13. Be5 Bxe5 14. Rxe5 Nd7 15. Ree1 Nc5 16. Ne2 a5 17. c3 a4 18. Bc2 d4 19. g4 Nh4 20. Qg3 Ne6 21. Nxd4 Nxd4 22. cxd4 g5 23. Re4 Ra5 24. Rae1 Ng6 25. Qe3 Qf6 26. b3 a3 27. b4 Rb5 28. Qd2 Nf4 29. Kh2 Qd6 30. Kh1 Rxb4 31. Qe3 Rb2 32. Bb3 Nd5 33. Qf3 Kg7 34. Re5 Qf6 35. Bxd5 cxd5 36. Qxf6+ Kxf6 37. R1e2 Rc8 38. Kg2 Rcc2 39. Rf5+ Kg7 40. Re7 Rc8 41. Rfxf7+ Kg6 42. Rg7+ Kf6 43. Rgf7+ 1/2-1/2

[Event "WLS-ch 63rd"]
[Site "Cardiff"]
[Date "2017.04.14"]
[Round "1"]
[White "Thomas, Ben"]
[Black "Bullen, Alex"]
[Result "1-0"]
[WhiteElo "1936"]
[BlackElo "2105"]
[PlyCount "51"]
[EventDate "2017.04.14"]
[EventType "swiss"]
[EventRounds "7"]
[EventCountry "WLS"]
[SourceTitle "CBM 177 Extra"]
[Source "ChessBase"]
[SourceDate "2017.04.27"]
[SourceVersion "1"]
[SourceVersionDate "2017.04.27"]
[SourceQuality "1"]

1. e4 c6 2. d4 d5 3. Nc3 dxe4 4. Nxe4 Bf5 5. Ng3 Bg6 6. Nf3 Nd7 7. Bc4 e6 8. 0-0 Ngf6 9. Qe2 Be7 10. c3 0-0 11. Bd2 Re8 12. Nh4 Bd6 13. f4 Nh5 14. Nxg6 Nxg3 15. hxg3 hxg6 16. Rae1 Rc8 17. Qf3 Nf6 18. g4 Qb6 19. b3 c5 20. g5 Nd7 21. d5 e5 22. fxe5 Nxe5 23. Rxe5 Bxe5 24. Qxf7+ Kh7 25. Rf3 Bh2+ 26. Kh1 1-0

[Event "WLS-ch 63rd"]
[Site "Cardiff"]
[Date "2017.04.14"]
[Round "2"]
[White "Young, Alan J"]
[Black "Thomas, Ben"]
[Result "0-1"]
[WhiteElo "2056"]
[BlackElo "1936"]
[PlyCount "68"]
[EventDate "2017.04.14"]
[EventType "swiss"]
[EventRounds "7"]
[EventCountry "WLS"]
[SourceTitle "CBM 177 Extra"]
[Source "ChessBase"]
[SourceDate "2017.04.27"]
[SourceVersion "1"]
[SourceVersionDate "2017.04.27"]
[SourceQuality "1"]

1. e4 e5 2. Nf3 Nc6 3. Bb5 d6 4. d4 exd4 5. Nxd4 Bd7 6. Bxc6 bxc6 7. c4 c5 8. Nf3 Bc6 9. Nc3 Nf6 10. 0-0 Be7 11. Re1 0-0 12. b3 Ng4 13. h3 Ne5 14. Nxe5 dxe5 15. Qg4 Kh8 16. Rd1 Bd6 17. Nd5 Bd7 18. Qh5 f5 19. Bg5 Qe8 20. Qh4 Rf7 21. b4 Ba4 22. bxc5 Bxc5 23. Rd2 f4 24. Nc3 Bd4 25. Rc1 Bxc3 26. Rxc3 h6 27. Rcd3 Bd7 28. Qh5 Qe6 29. c5 Kg8 30. h4 hxg5 31. hxg5 Qg4 32. Qg6 f3 33. Rxf3 Rxf3 34. c6 Be8 0-1

[Event "WLS-chT 1617"]
[Site "Wales"]
[Date "2017.01.22"]
[Round "2.17"]
[White "Thomas, Ben"]
[Black "Sivarajasingam, Venetia"]
[Result "1-0"]
[WhiteElo "1929"]
[BlackElo "1710"]
[PlyCount "71"]
[EventDate "2016.10.02"]
[EventType "team-tourn"]
[EventRounds "5"]
[EventCountry "WLS"]
[SourceTitle "EXT 2019"]
[Source "ChessBase"]
[SourceDate "2018.10.10"]
[SourceVersion "1"]
[SourceVersionDate "2018.10.10"]
[SourceQuality "1"]
[WhiteTeam "The Vale"]
[BlackTeam "Cardiff"]
[WhiteTeamCountry "WLS"]
[BlackTeamCountry "WLS"]

1. e4 e6 2. d4 d5 3. exd5 exd5 4. Be3 Bd6 5. Nf3 Nc6 6. Be2 Nge7 7. 0-0 Bg4 8. c3 Qd7 9. Nbd2 0-0-0 10. b4 Rde8 11. Nb3 Bxf3 12. Bxf3 b6 13. a4 f5 14. a5 h6 15. Qd3 g5 16. Qa6+ Kb8 17. Rfb1 g4 18. Be2 f4 19. Nc5 Qc8 20. axb6 Qxa6 21. bxc7+ Kxc7 22. Nxa6+ Kb6 23. b5 Nd8 24. Bd2 h5 25. c4 dxc4 26. Bxc4 Nb7 27. Nb4 Bxb4 28. Bxb4 Nf5 29. Ra6+ Kc7 30. Rxa7 Nxd4 31. Bd5 Rb8 32. Ba5+ Kc8 33. Rc1+ Kd7 34. Rc7+ Kd6 35. Bxb7 Rhe8 36. Rh7 1-0

[Event "WLS-chT 1617"]
[Site "Wales"]
[Date "2016.10.02"]
[Round "1.16"]
[White "Thomas, Ben"]
[Black "Spencer, Douglas"]
[Result "1-0"]
[WhiteElo "1929"]
[BlackElo "2032"]
[PlyCount "53"]
[EventDate "2016.10.02"]
[EventType "team-tourn"]
[EventRounds "5"]
[EventCountry "WLS"]
[SourceTitle "EXT 2019"]
[Source "ChessBase"]
[SourceDate "2018.10.10"]
[SourceVersion "1"]
[SourceVersionDate "2018.10.10"]
[SourceQuality "1"]
[WhiteTeam "The Vale"]
[BlackTeam "Abergavenny"]
[WhiteTeamCountry "WLS"]
[BlackTeamCountry "WLS"]

1. e4 e5 2. Nf3 Nf6 3. Nxe5 d6 4. Nf3 Nxe4 5. d4 d5 6. Bd3 Nc6 7. 0-0 Be7 8. Nbd2 Nf6 9. c3 0-0 10. Qc2 Bd6 11. Re1 Re8 12. Rxe8+ Qxe8 13. Nf1 Bg4 14. Bg5 Ne4 15. Re1 f5 16. Qb3 Bxf3 17. gxf3 Qg6 18. Qxd5+ Kh8 19. fxe4 Qxg5+ 20. Kh1 Qh4 21. Ng3 Rd8 22. exf5 Qf4 23. Qf7 h6 24. Re8+ Rxe8 25. Qxe8+ Kh7 26. f6+ g6 27. Bxg6# 1-0

[Event "Glorney Cup"]
[Site "Daventry"]
[Date "2016.07.19"]
[Round "5.11"]
[White "Ramaiya, Anshu"]
[Black "Thomas, Ben"]
[Result "1-0"]
[WhiteElo "1714"]
[BlackElo "2005"]
[PlyCount "121"]
[EventDate "2016.07.17"]
[EventType "team-tourn"]
[EventRounds "5"]
[EventCountry "ENG"]
[SourceTitle "CBM 173 Extra"]
[Source "ChessBase"]
[SourceDate "2016.08.29"]
[SourceVersion "1"]
[SourceVersionDate "2016.08.29"]
[SourceQuality "1"]
[WhiteTeam "England II"]
[BlackTeam "Wales"]
[WhiteTeamCountry "ENG"]
[BlackTeamCountry "WLS"]

1. e4 b6 2. d4 Bb7 3. Nc3 e6 4. Bd3 Nf6 5. Nge2 c5 6. dxc5 Bxc5 7. a3 Ng4 8. Be3 Bxe3 9. fxe3 Nxe3 10. Qd2 Nxg2+ 11. Kf2 Nh4 12. Raf1 f5 13. Ke1 Nc6 14. Nb5 0-0 15. Nd6 Ne5 16. Nd4 Bc6 17. Qe2 Qe7 18. Nxc6 Nxd3+ 19. Qxd3 dxc6 20. e5 Ng6 21. Qc3 Rad8 22. Rhg1 f4 23. Rf3 Qh4+ 24. Kf1 Qh5 25. Nc4 b5 26. Rh3 Qf5 27. Na5 Qxe5 28. Nxc6 Qxc3 29. bxc3 Rd1+ 30. Kf2 Rxg1 31. Kxg1 a6 32. Nb4 a5 33. Nc6 a4 34. Nd4 e5 35. Nxb5 Ne7 36. Nd6 h6 37. Ne4 Nf5 38. Rd3 Ne3 39. Rd6 Kh7 40. Re6 Rf5 41. Ra6 f3 42. Rxa4 Nd1 43. Nf2 Nxc3 44. Rc4 Rg5+ 45. Kf1 Nb1 46. Ne4 Rh5 47. Kg1 Nxa3 48. Rc3 Rh3 49. Nf2 Nb1 50. Rb3 Nd2 51. Nxh3 Nxb3 52. cxb3 e4 53. Kf2 Kg6 54. Ke3 Kf5 55. Nf2 g5 56. Nxe4 g4 57. Ng3+ Ke5 58. b4 Kd5 59. Kf4 h5 60. Kg5 Kc4 61. Kxh5 1-0

[Event "Glorney Cup"]
[Site "Daventry"]
[Date "2016.07.18"]
[Round "3.1"]
[White "O'Gorman, Tom"]
[Black "Thomas, Ben"]
[Result "1-0"]
[WhiteElo "2150"]
[BlackElo "2005"]
[PlyCount "85"]
[EventDate "2016.07.17"]
[EventType "team-tourn"]
[EventRounds "5"]
[EventCountry "ENG"]
[SourceTitle "CBM 173 Extra"]
[Source "ChessBase"]
[SourceDate "2016.08.29"]
[SourceVersion "1"]
[SourceVersionDate "2016.08.29"]
[SourceQuality "1"]
[WhiteTeam "Ireland"]
[BlackTeam "Wales"]
[WhiteTeamCountry "IRL"]
[BlackTeamCountry "WLS"]

1. e4 c5 2. Nf3 d6 3. d4 cxd4 4. Nxd4 Nf6 5. Nc3 a6 6. Bg5 e5 7. Nf5 Bxf5 8. exf5 Be7 9. Bxf6 Bxf6 10. Bc4 0-0 11. Qd3 Nc6 12. 0-0-0 Nd4 13. Nd5 Rc8 14. Bb3 Rc6 15. Kb1 Qc8 16. g4 Kh8 17. h4 h5 18. f3 Bd8 19. c3 Nxb3 20. axb3 hxg4 21. fxg4 Qd7 22. g5 Qe8 23. Qf3 g6 24. f6 e4 25. Qf4 Qe5 26. Qxe5 dxe5 27. h5 Kh7 28. h6 Bb6 29. Rhe1 e3 30. Nxb6 Rxb6 31. Rxe3 Rb5 32. Re4 Kg8 33. Kc2 a5 34. Rd7 Kh7 35. Re7 Rd8 36. R4xe5 Rbd5 37. Rxf7+ Kg8 38. Ree7 Rxg5 39. Rg7+ Kf8 40. Rh7 Rg2+ 41. Kb1 Rg1+ 42. Ka2 Kg8 43. Reg7+ 1-0

[Event "Glorney Cup"]
[Site "Daventry"]
[Date "2016.07.18"]
[Round "4.1"]
[White "Thomas, Ben"]
[Black "Albaric, Etienne"]
[Result "0-1"]
[WhiteElo "2005"]
[BlackElo "2209"]
[PlyCount "96"]
[EventDate "2016.07.17"]
[EventType "team-tourn"]
[EventRounds "5"]
[EventCountry "ENG"]
[SourceTitle "CBM 173 Extra"]
[Source "ChessBase"]
[SourceDate "2016.08.29"]
[SourceVersion "1"]
[SourceVersionDate "2016.08.29"]
[SourceQuality "1"]
[WhiteTeam "Wales"]
[BlackTeam "France"]
[WhiteTeamCountry "WLS"]
[BlackTeamCountry "FRA"]

1. e4 c5 2. c3 d5 3. exd5 Qxd5 4. d4 Nf6 5. Be3 cxd4 6. cxd4 e6 7. Nc3 Bb4 8. Nf3 0-0 9. Bd3 b6 10. 0-0 Bxc3 11. bxc3 Ba6 12. Bxa6 Nxa6 13. Qa4 Qb7 14. c4 Rac8 15. Rab1 Nb8 16. Qb5 Nbd7 17. Rfc1 Ne4 18. Bf4 Rfd8 19. a4 a6 20. Qb3 Rc6 21. a5 Rdc8 22. Qd3 Nef6 23. Bg5 Ne8 24. Be3 Qc7 25. axb6 Rxb6 26. Rxb6 Qxb6 27. d5 Qd6 28. Rd1 Nef6 29. Qe2 exd5 30. Qa2 Ne4 31. Rxd5 Qc6 32. Nd4 Qb7 33. Nf5 Ndf6 34. Re5 Rd8 35. h3 Rd1+ 36. Kh2 h5 37. c5 Kh7 38. Bf4 Rd7 39. f3 g5 40. Bxg5 Nxg5 41. Nd6 Nxf3+ 42. Kg3 h4+ 43. Kf2 Rxd6 44. Qc2+ Kg8 45. gxf3 Re6 46. Rg5+ Kf8 47. Qa2 Qb4 48. Qc2 Qe1+ 0-1

[Event "Glorney Cup"]
[Site "Daventry"]
[Date "2016.07.17"]
[Round "1.1"]
[White "Koehn, Lennart"]
[Black "Thomas, Ben"]
[Result "1-0"]
[WhiteElo "1952"]
[BlackElo "2005"]
[PlyCount "83"]
[EventDate "2016.07.17"]
[EventType "team-tourn"]
[EventRounds "5"]
[EventCountry "ENG"]
[SourceTitle "CBM 173 Extra"]
[Source "ChessBase"]
[SourceDate "2016.08.29"]
[SourceVersion "1"]
[SourceVersionDate "2016.08.29"]
[SourceQuality "1"]
[WhiteTeam "Scotland"]
[BlackTeam "Wales"]
[WhiteTeamCountry "SCO"]
[BlackTeamCountry "WLS"]

1. e4 c5 2. Nf3 d6 3. d4 cxd4 4. Nxd4 Nf6 5. Nc3 a6 6. h3 h5 7. Bg5 e6 8. a4 Be7 9. Qd2 e5 10. Nde2 Nbd7 11. Ng3 g6 12. Bc4 Nc5 13. Bxf6 Bxf6 14. Rd1 Be7 15. Nf1 Bd7 16. b3 Rb8 17. Ne3 b5 18. axb5 axb5 19. Bd5 Qa5 20. 0-0 f5 21. exf5 gxf5 22. f4 Rf8 23. Ne2 Qb6 24. Kh1 e4 25. Nd4 Rc8 26. Qe2 Kd8 27. Qxh5 Nd3 28. Nexf5 Bxf5 29. Nxf5 Nf2+ 30. Rxf2 Qxf2 31. Nxe7 Kxe7 32. Qg5+ Ke8 33. Qg6+ Kd7 34. Be6+ Kc7 35. Bxc8 Qxf4 36. Bg4 e3 37. Qe6 Rf6 38. Qe7+ Kb6 39. Re1 e2 40. Qxe2 Ka6 41. Qe3 Qb4 42. Bc8+ 1-0

[Event "Glorney Cup"]
[Site "Daventry"]
[Date "2016.07.17"]
[Round "2.1"]
[White "Thomas, Ben"]
[Black "Brewer, Callum D"]
[Result "0-1"]
[WhiteElo "2005"]
[BlackElo "1988"]
[PlyCount "50"]
[EventDate "2016.07.17"]
[EventType "team-tourn"]
[EventRounds "5"]
[EventCountry "ENG"]
[SourceTitle "CBM 173 Extra"]
[Source "ChessBase"]
[SourceDate "2016.08.29"]
[SourceVersion "1"]
[SourceVersionDate "2016.08.29"]
[SourceQuality "1"]
[WhiteTeam "Wales"]
[BlackTeam "England"]
[WhiteTeamCountry "WLS"]
[BlackTeamCountry "ENG"]

1. e4 c6 2. d4 d5 3. exd5 cxd5 4. c4 Nf6 5. Nc3 Nc6 6. Be3 e6 7. Nf3 Be7 8. c5 0-0 9. Be2 Ne4 10. Rc1 f5 11. 0-0 Kh8 12. a3 g5 13. h3 Bf6 14. Rc2 Qe7 15. Qd3 Qg7 16. Rd1 Rg8 17. Bf1 h5 18. Ne2 f4 19. Bc1 g4 20. Nxf4 gxf3 21. Nxh5 Qg6 22. Nf4 Qh7 23. Be3 Bd7 24. Kh2 e5 25. Nxd5 fxg2 0-1

[Event "WLS-ch 62nd"]
[Site "Cardiff"]
[Date "2016.03.28"]
[Round "7"]
[White "Thomas, Ben"]
[Black "Van Kemenade, Julie"]
[Result "1-0"]
[WhiteElo "1983"]
[BlackElo "1728"]
[PlyCount "95"]
[EventDate "2016.03.25"]
[EventType "swiss"]
[EventRounds "7"]
[EventCountry "WLS"]
[SourceTitle "CBM 171 Extra"]
[Source "ChessBase"]
[SourceDate "2016.04.26"]
[SourceVersion "1"]
[SourceVersionDate "2016.04.26"]
[SourceQuality "1"]

1. e4 d6 2. Nc3 Nf6 3. Nf3 c6 4. d4 Qc7 5. e5 dxe5 6. dxe5 Ng4 7. Qd4 h5 8. h3 Nh6 9. Bxh6 Rxh6 10. Ng5 e6 11. 0-0-0 Be7 12. Nce4 c5 13. Nd6+ Qxd6 14. Bb5+ Bd7 15. Qxd6 Bxd6 16. Bxd7+ Nxd7 17. Rxd6 Nxe5 18. Rhd1 Rf6 19. Ne4 Rf5 20. Nxc5 Nc4 21. Nxb7 Rxf2 22. R6d3 Rb8 23. Rb3 Rc8 24. Rc3 Rb8 25. Rxc4 Rxb7 26. g3 Ke7 27. b3 Rf3 28. Rd3 Rxd3 29. cxd3 Rd7 30. Kd2 g5 31. a4 f5 32. Ke3 Kf6 33. h4 g4 34. d4 Rd6 35. b4 a6 36. b5 axb5 37. axb5 Rb6 38. Rc5 Ke7 39. Kf4 Kf6 40. Re5 Rd6 41. Ke3 Ke7 42. Kd3 Rd5 43. Rxd5 exd5 44. Ke3 Kd6 45. Kf4 Kc7 46. Kxf5 Kb6 47. Ke5 Kxb5 48. Kxd5 1-0